=LDR 00000nam 2200000 4500 =001 INLIS000000000007013 =005 20130612095059 =008 ***********************************Ind** =035 ##$$0010-061300000007013 =041 ##$$a Ind =082 ##$$a 270 =090 ##$$a 270, Jon g =100 ##$$a De Jonge, Christian =245 ##$$a Gereja mencari jawab, kapita selekta sejarah gereja, Dr. Christian De Jonge =260 ##$$a 1994 $b Jakarta =300 ##$$a viii, 129 hlm, 21 cm =650 ##$$a Gereja,Sejarah